000
00375nam a2200145Ia 4500
008
231129s2003||||xx |||||||||||||| ||spa||
020
_a
84-226-0933-9
040
_b
spa
082
_a
839.833 U41a
100
_a
Ullmann Linn
245
0
_a
El adiós de Stella
260
_c
2003
264
_a
Círculo de Lectores
942
_2
ddc
_c
BKS
999
_c
10094
_d
10094